<?xml version="1.0" encoding="UTF-8"?>
<record
    xmlns:xsi="http://www.w3.org/2001/XMLSchema-instance"
    xsi:schemaLocation="http://www.loc.gov/MARC21/slim http://www.loc.gov/standards/marcxml/schema/MARC21slim.xsd"
    xmlns="http://www.loc.gov/MARC21/slim">

  <leader>01520nam a2200241 a 4500</leader>
  <controlfield tag="001">000006691</controlfield>
  <controlfield tag="005">20200929153957.0</controlfield>
  <controlfield tag="008">090902s1992    sp            000 0 spa d</controlfield>
  <datafield tag="020" ind1=" " ind2=" ">
    <subfield code="a">8400072286</subfield>
  </datafield>
  <datafield tag="040" ind1=" " ind2=" ">
    <subfield code="a">DO-SdBNP</subfield>
    <subfield code="b">spa</subfield>
    <subfield code="c">BNPHU</subfield>
  </datafield>
  <datafield tag="082" ind1=" " ind2=" ">
    <subfield code="a">xxxxx</subfield>
  </datafield>
  <datafield tag="100" ind1="1" ind2=" ">
    <subfield code="a">Luciano</subfield>
    <subfield code="9">18640</subfield>
  </datafield>
  <datafield tag="245" ind1="1" ind2="0">
    <subfield code="a">Obras /</subfield>
    <subfield code="c">Luciano ; director Francisco Rodr&#xED;guez Adrados.</subfield>
  </datafield>
  <datafield tag="250" ind1=" " ind2=" ">
    <subfield code="a">2a ed.</subfield>
  </datafield>
  <datafield tag="260" ind1=" " ind2=" ">
    <subfield code="a">Madrid :</subfield>
    <subfield code="b">Consejo Superior de Investigaciones Cient&#xED;ficas,</subfield>
    <subfield code="c">1992.</subfield>
  </datafield>
  <datafield tag="300" ind1=" " ind2=" ">
    <subfield code="a">4 v. :</subfield>
    <subfield code="b">il. ;</subfield>
    <subfield code="c">22 cm.</subfield>
  </datafield>
  <datafield tag="490" ind1="1" ind2=" ">
    <subfield code="a">Alma Mater</subfield>
  </datafield>
  <datafield tag="490" ind1="1" ind2=" ">
    <subfield code="a">Autores griegos y latinos</subfield>
  </datafield>
  <datafield tag="505" ind1="0" ind2=" ">
    <subfield code="g">v.1:</subfield>
    <subfield code="t">El sue&#xF1;o;</subfield>
    <subfield code="t">Di&#xE1;logo de los dioses;</subfield>
    <subfield code="t">Di&#xE1;logos marino--</subfield>
    <subfield code="g">v.II:</subfield>
    <subfield code="t">Di&#xE1;logos de los muertos;</subfield>
    <subfield code="t">El aficionado a las mentiras;</subfield>
    <subfield code="t">Sobre la muerte de peregrino --</subfield>
    <subfield code="g">v.III:</subfield>
    <subfield code="t">F&#xE1;laris 1-2;</subfield>
    <subfield code="t">Proemio: Dionisio;</subfield>
    <subfield code="t">Proemio: H&#xE9;racles;</subfield>
    <subfield code="t">Acerca del &#xE1;mbar o de los cisnes;</subfield>
    <subfield code="t">Encomino de las moscas;</subfield>
    <subfield code="t">Encomio de la patria;</subfield>
    <subfield code="t">Sobre por qe&#xE9; no hay que dar cr&#xE9;dito sin m&#xE1;s a la calumnia ;</subfield>
    <subfield code="t">Dos veces acusado;</subfield>
    <subfield code="t">El tiranicida;</subfield>
    <subfield code="t">El hijos repudiado ;</subfield>
    <subfield code="t">T&#xF3;xaris o la amistad ;</subfield>
    <subfield code="t">Sobre las dipsadas ;</subfield>
    <subfield code="t">Sobre un error cometido ;</subfield>
    <subfield code="t">Al saludar;</subfield>
    <subfield code="t">Harm&#xF3;nides ;</subfield>
    <subfield code="t">El escita o el c&#xF3;nsul --</subfield>
    <subfield code="g">v. IV:</subfield>
    <subfield code="t">Tim&#xF3;n o el mis&#xE1;ntropo;</subfield>
    <subfield code="t">Contra el ignorante;</subfield>
    <subfield code="t">Que compraba muchos libros ;</subfield>
    <subfield code="t">Acerca del par&#xE1;sito o que el parasitismo es un arte;</subfield>
    <subfield code="t">Sobre los que est&#xE1;n a sueldo;</subfield>
    <subfield code="t">Apolog&#xED;a de los que est&#xE1;n a sueldo;</subfield>
    <subfield code="t">El c&#xED;nico ;</subfield>
    <subfield code="t">Di&#xE1;logos de Heteras.</subfield>
  </datafield>
  <datafield tag="700" ind1="1" ind2=" ">
    <subfield code="a">Rodr&#xED;guez Adrados, Francisco</subfield>
    <subfield code="9">18641</subfield>
  </datafield>
  <datafield tag="830" ind1=" " ind2="0">
    <subfield code="a">Alma Mater</subfield>
    <subfield code="9">807</subfield>
  </datafield>
  <datafield tag="830" ind1=" " ind2="0">
    <subfield code="a">Autores griegos y latinos</subfield>
    <subfield code="9">15129</subfield>
  </datafield>
  <datafield tag="952" ind1=" " ind2=" ">
    <subfield code="0">0</subfield>
    <subfield code="1">0</subfield>
    <subfield code="5">0</subfield>
    <subfield code="7">-1</subfield>
    <subfield code="8">MO</subfield>
    <subfield code="a">GR</subfield>
    <subfield code="b">GR</subfield>
    <subfield code="c">OI</subfield>
    <subfield code="d">2009-09-02</subfield>
    <subfield code="i">LF1</subfield>
    <subfield code="l">0</subfield>
    <subfield code="o">xxxxx </subfield>
    <subfield code="p">6691-10</subfield>
    <subfield code="r">2020-06-25</subfield>
    <subfield code="w">2020-06-25</subfield>
    <subfield code="y">1</subfield>
    <subfield code="Z">No se presta</subfield>
  </datafield>
  <datafield tag="952" ind1=" " ind2=" ">
    <subfield code="0">0</subfield>
    <subfield code="1">0</subfield>
    <subfield code="5">0</subfield>
    <subfield code="7">-1</subfield>
    <subfield code="8">MO</subfield>
    <subfield code="a">GR</subfield>
    <subfield code="b">GR</subfield>
    <subfield code="c">OI</subfield>
    <subfield code="d">2009-09-02</subfield>
    <subfield code="i">LF1</subfield>
    <subfield code="l">0</subfield>
    <subfield code="o">xxxxx </subfield>
    <subfield code="p">6691-20</subfield>
    <subfield code="r">2020-06-25</subfield>
    <subfield code="w">2020-06-25</subfield>
    <subfield code="y">1</subfield>
    <subfield code="Z">No se presta</subfield>
  </datafield>
  <datafield tag="952" ind1=" " ind2=" ">
    <subfield code="0">0</subfield>
    <subfield code="1">0</subfield>
    <subfield code="5">4</subfield>
    <subfield code="7">-1</subfield>
    <subfield code="8">MO</subfield>
    <subfield code="a">GR</subfield>
    <subfield code="b">GR</subfield>
    <subfield code="c">OI</subfield>
    <subfield code="d">2009-09-02</subfield>
    <subfield code="i">LF1</subfield>
    <subfield code="l">0</subfield>
    <subfield code="o">xxxxx </subfield>
    <subfield code="p">6691-30</subfield>
    <subfield code="r">2020-06-25</subfield>
    <subfield code="w">2020-06-25</subfield>
    <subfield code="y">4</subfield>
    <subfield code="Z">Pr&#xE9;stamo en sala</subfield>
  </datafield>
  <datafield tag="952" ind1=" " ind2=" ">
    <subfield code="0">0</subfield>
    <subfield code="1">0</subfield>
    <subfield code="5">4</subfield>
    <subfield code="7">-1</subfield>
    <subfield code="8">MO</subfield>
    <subfield code="a">GR</subfield>
    <subfield code="b">GR</subfield>
    <subfield code="c">OI</subfield>
    <subfield code="d">2009-09-02</subfield>
    <subfield code="i">LF1</subfield>
    <subfield code="l">0</subfield>
    <subfield code="o">xxxxx </subfield>
    <subfield code="p">6691-40</subfield>
    <subfield code="r">2020-06-25</subfield>
    <subfield code="w">2020-06-25</subfield>
    <subfield code="y">4</subfield>
    <subfield code="Z">Pr&#xE9;stamo en sala</subfield>
  </datafield>
  <datafield tag="952" ind1=" " ind2=" ">
    <subfield code="0">0</subfield>
    <subfield code="1">0</subfield>
    <subfield code="5">4</subfield>
    <subfield code="7">-1</subfield>
    <subfield code="8">MO</subfield>
    <subfield code="a">GR</subfield>
    <subfield code="b">GR</subfield>
    <subfield code="c">OI</subfield>
    <subfield code="d">2009-09-02</subfield>
    <subfield code="i">LF1</subfield>
    <subfield code="l">0</subfield>
    <subfield code="o">xxxxx </subfield>
    <subfield code="p">6691-50</subfield>
    <subfield code="r">2020-06-25</subfield>
    <subfield code="w">2020-06-25</subfield>
    <subfield code="y">4</subfield>
    <subfield code="Z">Pr&#xE9;stamo en sala</subfield>
  </datafield>
  <datafield tag="999" ind1=" " ind2=" ">
    <subfield code="c">6480</subfield>
    <subfield code="d">6480</subfield>
  </datafield>
</record>
